| 000 | 01071nam0a22002411 4500 | ||
|---|---|---|---|
| 001 | rc\1152268 | ||
| 005 | 20260407150504.0 | ||
| 035 | _a(NLR Aleph) 006397603 | ||
| 090 |
_a5211954 _c5211954 |
||
| 100 | _a20041129d1980 |||y0rusy50 ca | ||
| 101 | 0 | _arus | |
| 102 | _aRU | ||
| 105 | _ay ||||||||| | ||
| 200 | 1 |
_aОпыт работы по научно-технической информации и пропаганде треста "Оргтехстрой" Главташкентстроя _fНИИНТИ и техн.-экон. исслед. Госплана УзССР _g[И.Г. Гайсинская, С.С. Черенкова] |
|
| 210 |
_aТашкент _cУзНИИНТИ _d1980 |
||
| 215 |
_a8 с. _d20 |
||
| 702 | 1 |
_aГайсинская _bИ.Г. _4220 |
|
| 712 | 0 | 2 |
_aНИИ научно-технической информации и технико-экономических исследований _cТашкент _3RU\NLR\AUTH\8810025690 _9549604 |
| 801 | 0 |
_aRU _bNLR _gpsbo |
|
| 801 | 1 |
_aRU _bELAR _2rusmarc |
|
| 852 |
_aNLR _j80-4/27642 |
||
| 942 | _cBOOK | ||
| 980 | _aNB | ||